000 00632nam a22002057a 4500
003 OSt
005 20260123071118.0
008 260123b |||||||| |||| 00| 0 eng d
020 _a0-8151-8929-X.
040 _aDWC-Main lib.
_cOC
082 _aCirc. 616.89 Y36 1989
100 _aTalbott, John A.
245 _aThe yearbook of psychiatry and applied mental health 1989/
_cJohn A. Talbott
260 _aChicago :
_bYear Book Medical Publishers, Inc.,
_cc1989.
300 _axv, 468 p. ;
_b23 cm.
504 _aIncludes index.
650 _a1. Mental Health.
650 _a2. Psychiatry.
942 _2ddc
_cBK-CIRC
_hCirc.
_n0
999 _c7755
_d7755